| 000 | 00565nam a2200181 4500 | ||
|---|---|---|---|
| 001 | 113474 | ||
| 003 | ES-MaACL | ||
| 005 | 20250929063149.0 | ||
| 007 | t| | ||
| 008 | 061121m19301936fr r ||||1| fre d | ||
| 100 | 1 |
_aNobécourt, Pierre André Alexandre, _d1871-1943 _985800 |
|
| 245 | 1 | 0 |
_aClinique médicale des enfants _b: affections de lappareil respiratoire / _cP. Nobecourt. |
| 250 | _a2ª. ed. | ||
| 260 |
_aParis : _bMasson et Cie, _c1930-36. |
||
| 300 |
_a12 v. : _bil. ; _c23 cm. |
||
| 852 |
_aES-MaACL _jC-7248-59 |
||
| 999 |
_c113474 _d113474 |
||